MARC

LEADER 00000nam0a2200000 4500
001 294254
005 20231102000658.0
020 |a RU  |b 84-26512 
035 |a (RuTPU)RU\TPU\book\319309 
090 |a 294254 
100 |a 20150512d1984 k y0rusy5003 ca 
101 0 |a rus 
102 |a RU 
105 |a a z 001zy 
200 1 |a Зубчатая передача "70-НКМЗ"  |f А. К. Сидоренко 
210 |a Москва  |c Машиностроение  |d 1984 
215 |a 80 с.  |c ил. 
320 |a Библиогр.: с. 78 
606 |a Зубчатые передачи  |2 stltpush  |3 (RuTPU)RU\TPU\subj\72853  |9 86240 
610 1 |a параметры 
610 1 |a зубья 
610 1 |a кривизна 
610 1 |a контактное напряжение 
610 1 |a технологические факторы 
610 1 |a влияние 
610 1 |a нарезание 
610 1 |a обрабатываемые поверхности 
610 1 |a режущий инструмент 
675 |a 621.833  |v 3 
700 1 |a Сидоренко  |b А. К.  |g Александр Константинович 
801 0 |a RU  |b RuMRKP  |c 19950704  |g psbo 
801 1 |a RU  |b 63413507  |c 20150512 
801 2 |a RU  |b 63413507  |c 20190129  |g RCR 
942 |c BK